000 00325nam a22001217a 4500
003 OSt
008 140419b xxu||||| |||| 00| 0 eng d
041 _aeng
245 1 0 _aWebb's Postal Stationery Catalogue of Canada and Newfoundland
260 _aToronto, Canada
_bUnitrade Press
300 _a136 pages
700 1 _aCovert, Earle L.
999 _c551
_d551